00287nam a2200109Ia 4500008004100000041000800041082002500049100003100074245003300105260003000138300000900168230411s9999 xx 000 0 und d aeng aC/004/JAI/NEE/B06184 aJain Pooja & Neelam Kumari aPV Introduction to Computers bS Vikas and CoaJalandhar a368p